La Consulta facultativa de constitucionalidad como instrumento de control político /

Salvato in:
Dettagli Bibliografici
Autore principale: Echeverría Marín, Gloriana
Natura: testo
Soggetti:
Tags: Aggiungi Tag
Nessun Tag, puoi essere il primo ad aggiungerne!!

MARC

LEADER 00000 a a2200000 04500
001 17177
003
040
100 |a Echeverría Marín, Gloriana  
245 |a La Consulta facultativa de constitucionalidad como instrumento de control político /  |c Gloriana Echeverría Marín 
650 |a SISTEMAS POLITICOS  
650 |a ESTADO  
650 |a PARLAMENTO  
773 |g volumen 8, número 3; páginas 213-223  
999 |c 32956  |d 32956